Dramaturgias desde la resistencia (Registro nro. 17722)

Detalles MARC
000 -LDR (LÍDER)
Campo de control de longitud fija 01107nam a2200313 a 4500
001 - NÚMERO DE CONTROL
control field 991008406839707486
003 - IDENTIFICADOR DEL NÚMERO DE CONTROL
Campo de control CO-PeBPR
005 - FECHA Y HORA DE LA ÚLTIMA TRANSACCIÓN
Campo de control 20260417142436.0
008 - ELEMENTOS DE DATOS DE LONGITUD FIJA--INFORMACIÓN GENERAL
Campo de control de longitud fija 220216s2021 ck gr 000 d spa d
020 ## - Código Internacional normalizado para libros
Código Internacional normalizado para libros 9789585595590
040 0# - FUENTE DE CATALOGACIÓN
Agencia catalogadora original CO-PeBPR
Idioma de la agencia catalogadora spa
Agencia que transcribe CO-PeBPR
Norma para la descripción rda
041 0# - Código del Idioma
Código idioma del recurso original spa
082 04 - NÚMERO DE CLASIFICACIÓN DECIMAL DEWEY
Número de clasificación Co862.08 P153d
100 1# - ASIENTO PRINCIPAL--NOMBRE PERSONAL
Nombre personal Palacio Duque, María Adelaida
Términos de relación autora
245 10 - MENCIÓN DE TÍTULO
Título propiamente dicho Dramaturgias desde la resistencia
Mención de responsabilidad / María Adelaida Palacio Duque, Luis Carlos Castro Atará, Juan Felipe Piracón.
264 ## - Área de la Producción Publicación, Distribución, Manufactura, etc.
Lugar de publicación, distribución, etc. Bogotá, Colombia
Nombre de la editorial, distribuidor, etc. : Instituto Distrital de las Artes-IDARTES,
Fecha de publicación, distribución, etc. , 2021
300 ## - DESCRIPCIÓN FÍSICA
Extensión 198 páginas
Dimensiones ; 21 centímetros
336 ## - Tipo de Contenido
Tipo de contenido text
Código de tipo de contenido txt
Fuente rdacontenido
337 ## - Tipo de Medio
Tipo de Medio unmediated
Código de tipo de medio n
Fuente rdamedia
338 ## - Tipo de Soporte
Tipo de soporte volume
Código de tipo de soporte nc
Fuente rdacarrier
490 1# - MENCIÓN DE SERIE
Título de la serie Colección teatro en estudio
650 14 - ASIENTO SECUNDARIO DE MATERIA - TÉRMINO TEMÁTICO
Fuente del encabezado o término LEMB
Encabezamiento temático Imaginación
Subdivisión de forma Teatro
650 14 - ASIENTO SECUNDARIO DE MATERIA - TÉRMINO TEMÁTICO
Fuente del encabezado o término LEMB
Encabezamiento temático Teatro colombiano
Subdivisión de forma Colecciones
650 14 - ASIENTO SECUNDARIO DE MATERIA - TÉRMINO TEMÁTICO
Fuente del encabezado o término LEMB
Encabezamiento temático Vida cotidiana
Subdivisión de forma Teatro
700 1# - ASIENTO SECUNDARIO - NOMBRE PERSONAL
Nombre personal Castro Atará, Luis Carlos
Término de relación, rol en la obra autor
700 1# - ASIENTO SECUNDARIO - NOMBRE PERSONAL
Nombre personal Piracón, Juan Felipe
Término de relación, rol en la obra autor
830 1# - SERIES ADDED ENTRY--UNIFORM TITLE
Uniform title Colección teatro en estudio
942 ## - ENTRADA DE ELEMENTOS AGREGADOS (KOHA
Fuente de clasificación o esquema de estantería. Dewey Decimal Classification
Tipo de ítem Libro
Existencias
Estado de pérdida Fuente del sistema de clasificación o colocación Estado de daño No disponible para préstamo Colección Biblioteca de origen Biblioteca actual Ubicación en estantería Signatura topográfica completa Ejemplar Código de barras Tipo de ítem Fecha de adquisición Fuente de adquisición Total de pagos Fecha de la última vez visto
  Dewey Decimal Classification     General Biblioteca Pública Departamental Comfamiliar Risaralda Biblioteca Pública Departamental Comfamiliar Risaralda Área General Co862.08 P153d Ej.1 RIBPD15389 Libro 17/04/2026 Dotación MinCultura y BNC   17/04/2026